Bài giảng về cấu trúc hạt nhân

Đã lưu trong:
書目詳細資料
主要作者: Hoàng Hữu Thứ
格式: 圖書
語言:Undetermined
出版: Hà nội ĐH và THCN 1972
主題:
標簽: 添加標簽
沒有標簽, 成為第一個標記此記錄!
Thư viện lưu trữ: Trung tâm Học liệu Trường Đại học Cần Thơ
LEADER 00516nam a2200181Ia 4500
001 CTU_2405
008 210402s9999 xx 000 0 und d
082 |a 539.74 
082 |b Th550 
100 |a Hoàng Hữu Thứ 
245 0 |a Bài giảng về cấu trúc hạt nhân 
245 0 |c Hoàng Hữu Thứ 
260 |a Hà nội 
260 |b ĐH và THCN 
260 |c 1972 
650 |a nuclear structure 
904 |i Minh, 960824 
980 |a Trung tâm Học liệu Trường Đại học Cần Thơ